| 000 | 004790000a22001930004500 | ||
|---|---|---|---|
| 001 | 003249 | ||
| 003 | MACL | ||
| 005 | 20150813151636.0 | ||
| 008 | 150813b xxu||||| |||| 00| 0 eng d | ||
| 040 |
_aMACL _cMACL |
||
| 041 | _aEnglish | ||
| 082 | _a401.43/RAJ | ||
| 100 |
_aRajendran, C. _95334 |
||
| 245 |
_aAspects of Paninian Semantics _cC. Rajendran |
||
| 260 |
_aNew Delhi _c2002 _bSahitya Akademi, |
||
| 350 | _a200 | ||
| 650 |
_aLinguistic _95336 |
||
| 942 |
_k401 _cBK _2ddc |
||
| 999 |
_c15154 _d15154 |
||